000 00422nam a2200181Ia 4500
005 20240823005729.0
008 240823s9999||||xx |||||||||||||| ||und||
041 _aENGLISH
082 _A418 N5
100 _aClaremont
245 0 _aDictionary of Phrase and Fable
250 _a1st
260 _c1995
_b"Claremont,London"
500 _aTransfered
650 _aDictionary
_bEnglish
942 _cBK
999 _c156561
_d156561